| 000 | 00666nam a2200193 4500 | ||
|---|---|---|---|
| 999 |
_c180545 _d180545 |
||
| 005 | 20210811122429.0 | ||
| 010 | _aB-741198 | ||
| 020 |
_a9789384930646 _c495.00 |
||
| 035 | _aB-741198 | ||
| 037 | _bGift | ||
| 082 | _aS | ||
| 100 | _aSyal,Gautam | ||
| 245 |
_aWorld famous die hard stories for children / _cby Gautam Syal |
||
| 260 |
_aDelhi _bEducation Gallery _c2020 |
||
| 270 |
_a26/25, Block-26,Gali no-12, Vishwas Nagar Shahadra, _bDelhi _e110032 |
||
| 300 |
_a144p.: _bill _c23cm(Hb) |
||
| 942 |
_2ddc _cCH _hS _mSYA |
||